Twenty One Pilots - Migraine - Statistics

General Stats
  • This quiz has been taken 3,646 times
  • The average score is 309 of 500
Answer Stats
Answer % Correct
I
100%
a
99%
A
99%
and
96%
And
96%
my
96%
My
96%
Be
95%
be
95%
migraine
95%
the
94%
The
94%
it
93%
It
93%
will
93%
know
92%
do
91%
got
91%
than
89%
better
88%
Friday
88%
up
88%
day
87%
down
87%
it's
87%
It's
87%
sideways
87%
Sundays
87%
always
86%
are
86%
Are
86%
'cause
86%
'Cause
86%
God
86%
on
86%
pain
86%
suicide
86%
Am
85%
am
85%
only
85%
so
85%
one
84%
we
84%
thank
83%
that
83%
That
83%
from
82%
From
82%
I'm
82%
days
81%
seem
81%
above
80%
alone
80%
behind
80%
Behind
80%
head
80%
in
80%
I've
80%
face
79%
scream
79%
Shadows
79%
don't
78%
Fridays
78%
throat
77%
why
77%
range
75%
wars
75%
Let
74%
let
74%
Sometimes
74%
sometimes
74%
they
74%
drizzle
72%
Waging
72%
dismal
71%
me
71%
Me
71%
slight
71%
weather
70%
clouds
69%
snow
69%
by
68%
death
68%
Thunderstorms
68%
bed
67%
or
67%
seems
66%
what
66%
said
62%
letters
60%
Whether
60%
represents
59%
headache
58%
or
58%
But
57%
not
55%
this
54%
have
53%
made
53%
test
53%
far
52%
kid
52%
thoughts
51%
depressing
50%
ruthless
49%
tested
49%
Being
47%
defending
45%
best
44%
writer
43%
you
43%
represented
42%
is
41%
suspense
41%
we've
41%
block
39%
clock
39%
sleep
39%
defenseless
38%
suspended
38%
when
38%
writer's
38%
as
37%
dead
37%
just
36%
for
35%
That's
34%
to
34%
hates
33%
I'll
33%
examiner
32%
fine
31%
pardon
31%
guess
30%
green
29%
gardens
27%
yelling
27%
mind
26%
telling
26%
all
25%
different
24%
growing
22%
lion
22%
what's
21%
of
20%
psyche
20%
Yeah
20%
yeah
20%
Freeze
19%
picture
19%
portrait
19%
frame
18%
island
18%
mental
18%
your
18%
difficult
17%
kill
17%
paint
17%
about
16%
brain
16%
forehead
16%
forget
16%
hold
16%
please
16%
Something
16%
alive
15%
eyelids
15%
Pandora's
15%
say
15%
stay
15%
take
15%
trees
15%
violence
15%
won't
15%
beast
14%
Find
14%
find
14%
gotta
14%
suicidal
14%
can
13%
make
13%
contents
12%
could
12%
feasting
12%
islands
12%
land
12%
should
12%
violent
12%
blood
11%
how
11%
look
11%
non-violent
11%
was
11%
away
10%
back
10%
break
10%
eat
10%
fight
10%
lions
10%
win
10%
burnt
9%
chin
9%
crazed
9%
did
9%
has
9%
holds
9%
running
9%
ship-wrecked
9%
such
9%
trying
9%
begin
8%
Box's
8%
door
8%
game
8%
moment
8%
our
8%
played
8%
They're
8%
tidal
8%
waves
8%
weapons
8%
assemble
7%
Full
7%
Life
7%
mind's
7%
their
7%
frozen
6%
hopeful
6%
undertone
6%
keep
5%
No matching quizzes found
Score Distribution
Percent of People with Each Score
Percentile by Number Answered
Your Score History
You have not taken this quiz